Gaming Quiz

Random Gaming Quiz

Killing Floor Quiz Stats

 Plays Quiz not verified by Sporcle

Challenge
Share
Tweet
Embed
Score 0/40 Timer 10:00
0 Plays Today
Hint Answer % Correct
What are the Specimens mostly called? Zeds
100%
What perk uses Assault Rifles?Commando
100%
What perk uses Melee weapons?Berserker
100%
What perk aims for headshots?Sharpshooter
100%
What perk uses pyrotechnics.Firebug
100%
What perk heals teammates?Field Medic
100%
What perk can repair doors?Support
100%
What perk likes to go boom?Demolitions
100%
What Specimen has the most health that is not a boss?Fleshpound
100%
What perk uses SMG's in the second installment?SWAT
100%
What perk dual wields weapons?Gunslinger
100%
What perk can use any weapon?Survivalist
100%
What specimen has a chainsaw?Scrake
100%
What Specimen is based off the Gorefast and was the most recent to be added?Gorefiend
100%
Sharpshooter starting weapon?Winchester
100%
How many perk levels are in KF2 per perk?25
100%
How many perk levels are in KF1 per perk?6
100%
What is the name of the map in Paris?Burning Paris
100%
What map takes place on an island?Zed Landing
100%
What is the company that made the Specimens?Horzine
85.7%
Hint Answer % Correct
Commando starting weapon?AR-15 Varmint Rifle
85.7%
Who is the Nazi Scientist from the second installment? Dr. Hans Volter
85.7%
What is the Patriarch's real name?Kevin Clamely
71.4%
Where did the outbreak start?London
71.4%
Berserker starting weapon?Crovel Survival Tool
71.4%
SWAT starting weapon?MP7
71.4%
What character wears a gas mask?Mr. Foster
71.4%
Demolitions starting weapon?HX-25
57.1%
Support starting weapon?SG-500
57.1%
Firebug starter weapon?Caulk n Burn
57.1%
Who is the constable from Killing Floor?Constable Briar
57.1%
What character from Team Fortress 2 made a cameo in the first installment?Pyro
57.1%
What map has been remastered since the mod?Biotics Lab
57.1%
Who is the Clot based off?Kevin's Son
42.9%
Who is the Stalker based off?Kevin's Daughter
42.9%
Who is the Siren based off?Kevin's Wife
42.9%
What Killing Floor had a story when it released?Killing Floor Mod
42.9%
Gunslinger starter weapon(s)?1858 Revolver(s)
42.9%
Who is the soldier?Lt. Bill Masterson
42.9%
Field Medic starting weapon?HMTec-101 Pistol
14.3%

You're not logged in!

Compare scores with friends on all Sporcle quizzes.
Join for Free
OR
Log In

You Might Also Like...

Show Comments

Extras

Top Quizzes Today


Score Distribution

Your Account Isn't Verified!

In order to create a playlist on Sporcle, you need to verify the email address you used during registration. Go to your Sporcle Settings to finish the process.

Report this User

Report this user for behavior that violates our Community Guidelines.

Details: